[Event "EUCC 2023 - U12"]
[Site "Kouty nad Desnou"]
[Date "2023.08.19"]
[Round "4.11"]
[White "Levchenko, Alisa"]
[Black "Popzafirov, Danail"]
[Result "0-1"]
[BlackElo "1885"]
[WhiteElo "1151"]
[LiveChessVersion "1.4.8"]

1. d4 {[%clk 1:30:55]} Nf6 {[%clk 1:30:56]} 2. c4 {[%clk 1:31:15]} g6
{[%clk 1:31:18]} 3. Nf3 {[%clk 1:31:11]} Bg7 {[%clk 1:31:42]} 4. g3
{[%clk 1:31:35]} O-O {[%clk 1:32:07]} 5. Bg2 {[%clk 1:31:54]} d6 {[%clk 1:32:31]}
6. O-O {[%clk 1:31:41]} c5 {[%clk 1:31:09]} 7. e3 {[%clk 1:28:57]} Nc6
{[%clk 1:27:51]} 8. Nc3 {[%clk 1:25:45]} Bg4 {[%clk 1:18:36]} 9. Qd2
{[%clk 1:16:51]} Bh6 {[%clk 1:18:11]} 10. dxc5 {[%clk 1:13:19]} dxc5
{[%clk 1:18:07]} 11. h3 {[%clk 1:11:05]} Bxf3 {[%clk 1:14:10]} 12. Bxf3
{[%clk 1:10:16]} Qc8 {[%clk 1:02:48]} 13. Bg2 {[%clk 1:04:43]} Rd8
{[%clk 1:02:05]} 14. Qe2 {[%clk 1:04:04]} Bg7 {[%clk 1:01:25]} 15. Bd2
{[%clk 0:55:40]} e6 {[%clk 0:31:50]} 16. Rad1 {[%clk 0:48:38]} Qc7
{[%clk 0:24:26]} 17. Nb5 {[%clk 0:39:36]} Qb6 {[%clk 0:24:31]} 18. Bc3
{[%clk 0:36:58]} Ne8 {[%clk 0:23:39]} 19. b3 {[%clk 0:30:47]} a6 {[%clk 0:22:55]}
20. Bxg7 {[%clk 0:30:11]} Kxg7 {[%clk 0:20:05]} 21. Qb2+ {[%clk 0:27:20]} Kg8
{[%clk 0:12:11]} 22. Nc3 {[%clk 0:25:10]} Qc7 {[%clk 0:11:38]} 23. Ne4
{[%clk 0:20:08]} b6 {[%clk 0:10:24]} 24. Nf6+ {[%clk 0:17:27]} Nxf6
{[%clk 0:10:41]} 25. Qxf6 {[%clk 0:17:46]} Rxd1 {[%clk 0:11:00]} 26. Rxd1
{[%clk 0:17:23]} Rd8 {[%clk 0:11:25]} 27. Rxd8+ {[%clk 0:16:12]} Qxd8
{[%clk 0:11:37]} 28. Qxd8+ {[%clk 0:16:34]} Nxd8 {[%clk 0:12:06]} 29. Kf1
{[%clk 0:14:50]} Kf8 {[%clk 0:12:30]} 30. Ke2 {[%clk 0:15:15]} Ke7
{[%clk 0:12:54]} 31. Kd3 {[%clk 0:14:33]} Kd6 {[%clk 0:13:23]} 32. Ke4
{[%clk 0:13:51]} f6 {[%clk 0:13:42]} 33. g4 {[%clk 0:12:12]} Nc6 {[%clk 0:13:46]}
34. f4 {[%clk 0:11:37]} Nb4 {[%clk 0:13:40]} 35. a4 {[%clk 0:10:36]} Nc2
{[%clk 0:13:51]} 36. f5 {[%clk 0:09:40]} exf5+ {[%clk 0:12:04]} 37. gxf5
{[%clk 0:08:56]} g5 {[%clk 0:12:22]} 38. Bf3 {[%clk 0:08:06]} Nb4 39. Bg4
{[%clk 0:05:13]} Na2 {[%clk 0:10:11]} 40. Kd3 {[%clk 0:04:30]} Ke5
{[%clk 0:10:39]} 41. Kd2 {[%clk 0:03:25]} Nb4 {[%clk 0:11:00]} 42. Bf3
{[%clk 0:03:12]} Kxf5 {[%clk 0:11:11]} 43. Kc3 {[%clk 0:02:30]} a5
{[%clk 0:11:35]} 44. Kd2 {[%clk 0:02:39]} Na6 {[%clk 0:12:04]} 45. Bb7
{[%clk 0:02:07]} Nc7 {[%clk 0:12:33]} 46. Kd3 {[%clk 0:02:12]} Ke5
{[%clk 0:12:57]} 47. Be4 {[%clk 0:01:58]} f5 {[%clk 0:13:21]} 48. Bc6
{[%clk 0:01:31]} Ne6 {[%clk 0:13:36]} 49. Bd7 {[%clk 0:01:30]} Nf8
{[%clk 0:13:53]} 50. Bc8 {[%clk 0:01:23]} h5 {[%clk 0:14:12]} 51. Kd2
{[%clk 0:01:20]} Nh7 {[%clk 0:14:26]} 52. Ke1 {[%clk 0:01:18]} Nf6
{[%clk 0:14:40]} 53. Kf2 {[%clk 0:01:16]} Ne4+ {[%clk 0:14:48]} 54. Kf3
{[%clk 0:01:06]} Nd6 {[%clk 0:13:35]} 55. Ba6 {[%clk 0:01:11]} g4+
{[%clk 0:13:54]} 56. hxg4 {[%clk 0:01:13]} hxg4+ {[%clk 0:14:22]} 57. Kf2
{[%clk 0:01:30]} Ke4 {[%clk 0:14:49]} 58. Ke2 {[%clk 0:01:25]} g3
{[%clk 0:15:18]} 59. Kf1 {[%clk 0:00:40]} Kf3 {[%clk 0:15:37]} 60. e4
{[%clk 0:00:54]} fxe4 {[%clk 0:16:05]} 61. Kg1 {[%clk 0:00:48]} g2
{[%clk 0:16:33]} 62. Bb5 {[%clk 0:00:46]} Nxb5 {[%clk 0:17:01]} 63. cxb5
{[%clk 0:01:02]} e3 {[%clk 0:17:27]} 64. b4 {[%clk 0:01:07]} e2 {[%clk 0:17:56]}
65. bxc5 {[%clk 0:01:10]} e1=Q+ {[%clk 0:18:23]} 66. Kh2 {[%clk 0:01:03]} Qh1#
{[%clk 0:18:52]} 0-1

[Event "EUCC 2023 - U12"]
[Site "Kouty nad Desnou"]
[Date "2023.08.19"]
[Round "4.13"]
[White "Kozdon, Marek"]
[Black "Lottiau, Nathan"]
[Result "1-0"]
[BlackElo "1025"]
[WhiteElo "1233"]
[LiveChessVersion "1.4.8"]

1. d4 {[%clk 1:30:57]} d5 {[%clk 1:30:52]} 2. Nf3 {[%clk 1:31:01]} Bf5
{[%clk 1:30:52]} 3. c4 {[%clk 1:30:57]} e6 {[%clk 1:31:10]} 4. Nc3
{[%clk 1:31:04]} Nf6 {[%clk 1:31:06]} 5. Bg5 {[%clk 1:30:54]} c6 {[%clk 1:30:10]}
6. e3 {[%clk 1:30:37]} h6 {[%clk 1:28:56]} 7. Bh4 {[%clk 1:28:43]} Na6
{[%clk 1:23:22]} 8. a3 {[%clk 1:26:20]} c5 {[%clk 1:17:51]} 9. Qa4+
{[%clk 1:21:28]} Qd7 {[%clk 1:15:14]} 10. Qxd7+ {[%clk 1:21:26]} Nxd7
{[%clk 1:15:21]} 11. cxd5 {[%clk 1:20:49]} Nc7 {[%clk 1:12:48]} 12. dxe6
{[%clk 1:18:29]} Bxe6 {[%clk 1:11:05]} 13. Bg3 {[%clk 1:16:44]} Nd5
{[%clk 1:09:36]} 14. Nxd5 {[%clk 1:15:41]} Bxd5 {[%clk 1:09:40]} 15. Rd1
{[%clk 1:13:03]} Bb3 {[%clk 1:01:15]} 16. Rd2 {[%clk 1:12:25]} cxd4
{[%clk 0:59:46]} 17. Nxd4 {[%clk 1:11:52]} Bc5 {[%clk 0:59:05]} 18. Nxb3
{[%clk 1:11:53]} Bb6 {[%clk 0:57:43]} 19. Bb5 {[%clk 1:10:45]} Rd8
{[%clk 0:56:30]} 20. Ke2 {[%clk 1:10:27]} Ke7 {[%clk 0:55:28]} 21. Rhd1
{[%clk 1:09:08]} Nf6 {[%clk 0:55:37]} 22. Rxd8 {[%clk 1:08:48]} Rxd8
{[%clk 0:55:56]} 23. Rxd8 {[%clk 1:08:39]} Kxd8 {[%clk 0:55:58]} 24. h3
{[%clk 1:07:52]} a6 {[%clk 0:56:00]} 25. Bc4 {[%clk 1:07:48]} Ke7
{[%clk 0:55:47]} 26. Be5 {[%clk 1:07:20]} Ne4 {[%clk 0:55:32]} 27. Bd5
{[%clk 1:07:00]} Ng5 {[%clk 0:54:17]} 28. h4 {[%clk 1:06:32]} Ne6
{[%clk 0:54:33]} 29. Bxe6 {[%clk 1:06:50]} Kxe6 {[%clk 0:54:45]} 30. Bxg7
{[%clk 1:07:02]} h5 {[%clk 0:54:56]} 31. Bd4 {[%clk 1:07:07]} Bd8
{[%clk 0:55:05]} 32. Nc5+ {[%clk 1:06:54]} Kd5 {[%clk 0:55:06]} 33. g3
{[%clk 1:06:42]} Bb6 {[%clk 0:55:17]} 34. Nxb7 {[%clk 1:06:29]} Bxd4
{[%clk 0:55:32]} 35. exd4 {[%clk 1:06:54]} Kxd4 {[%clk 0:55:51]} 36. Kd2
{[%clk 1:07:00]} Ke4 {[%clk 0:56:09]} 37. Nc5+ {[%clk 1:07:10]} Kf3
{[%clk 0:56:20]} 38. Ke1 {[%clk 1:07:01]} f5 {[%clk 0:56:15]} 39. Nxa6
{[%clk 1:07:06]} f4 {[%clk 0:56:37]} 40. gxf4 {[%clk 1:07:20]} Kxf4
{[%clk 0:57:00]} 41. b4 {[%clk 1:07:44]} Kg4 {[%clk 0:57:14]} 42. b5
{[%clk 1:07:54]} Kxh4 {[%clk 0:57:23]} 43. b6 {[%clk 1:08:06]} Kh3
{[%clk 0:57:33]} 44. b7 {[%clk 1:08:15]} Kg2 {[%clk 0:57:51]} 45. b8=Q
{[%clk 1:08:06]} h4 {[%clk 0:58:09]} 46. Qf4 {[%clk 1:08:11]} h3 {[%clk 0:58:13]}
47. Qg3+ {[%clk 1:08:32]} Kh1 {[%clk 0:58:34]} 48. Kf1 {[%clk 1:08:39]} h2
{[%clk 0:58:51]} 49. Qf3# {[%clk 1:08:59]} 1-0

[Event "EUCC 2023 - U12"]
[Site "Kouty nad Desnou"]
[Date "2023.08.19"]
[Round "4.14"]
[White "Stricova, Julia Nela"]
[Black "Peglau, Lorena"]
[Result "0-1"]
[BlackElo "1178"]
[WhiteElo "1091"]
[LiveChessVersion "1.4.8"]

1. e4 {[%clk 1:30:56]} c6 {[%clk 1:30:55]} 2. d4 {[%clk 1:31:19]} d5
{[%clk 1:31:20]} 3. e5 {[%clk 1:31:41]} Bf5 {[%clk 1:31:43]} 4. Bd3
{[%clk 1:32:03]} Bxd3 {[%clk 1:32:00]} 5. Qxd3 {[%clk 1:32:26]} e6
{[%clk 1:32:15]} 6. Nf3 {[%clk 1:32:16]} Nd7 {[%clk 1:32:21]} 7. O-O
{[%clk 1:31:21]} Ne7 {[%clk 1:32:28]} 8. c3 {[%clk 1:30:20]} Ng6 {[%clk 1:31:46]}
9. Nbd2 {[%clk 1:29:15]} c5 {[%clk 1:31:27]} 10. Re1 {[%clk 1:25:29]} Be7
{[%clk 1:29:52]} 11. Nf1 {[%clk 1:24:06]} O-O {[%clk 1:29:21]} 12. Bd2
{[%clk 1:20:52]} Qc7 {[%clk 1:26:48]} 13. Rac1 {[%clk 1:16:51]} Qb6
{[%clk 1:25:35]} 14. Qc2 {[%clk 1:13:49]} Rfc8 {[%clk 1:24:53]} 15. Qb1
{[%clk 1:11:22]} cxd4 {[%clk 1:16:43]} 16. cxd4 {[%clk 1:11:29]} Nh4
{[%clk 1:14:51]} 17. Nxh4 {[%clk 1:09:41]} Bxh4 {[%clk 1:14:54]} 18. Be3
{[%clk 1:09:27]} a5 {[%clk 1:12:58]} 19. Rc2 {[%clk 1:05:10]} Rxc2
{[%clk 1:12:35]} 20. Qxc2 {[%clk 1:05:29]} Qc6 {[%clk 1:12:34]} 21. Qd2
{[%clk 1:03:12]} b6 {[%clk 1:09:47]} 22. Rc1 {[%clk 1:00:33]} Qb7
{[%clk 1:09:58]} 23. Qc2 {[%clk 0:59:45]} Bd8 {[%clk 1:08:10]} 24. Nd2
{[%clk 0:58:02]} b5 {[%clk 1:07:10]} 25. Nf3 {[%clk 0:54:59]} Nb6
{[%clk 1:06:55]} 26. b3 {[%clk 0:52:32]} Qc8 {[%clk 1:07:02]} 27. Qd3
{[%clk 0:50:57]} Qd7 {[%clk 1:06:13]} 28. Bg5 {[%clk 0:48:41]} h6
{[%clk 1:05:42]} 29. Be3 {[%clk 0:46:24]} Rc8 {[%clk 1:05:54]} 30. Rxc8
{[%clk 0:46:04]} Nxc8 {[%clk 1:06:18]} 31. Nd2 {[%clk 0:41:38]} Qc6
{[%clk 1:04:57]} 32. Nf1 {[%clk 0:40:59]} Ne7 {[%clk 1:03:05]} 33. Qe2
{[%clk 0:37:45]} Ng6 {[%clk 1:00:01]} 34. Ng3 {[%clk 0:35:00]} Bb6
{[%clk 0:59:42]} 35. Nh5 {[%clk 0:33:02]} Bd8 {[%clk 0:49:32]} 36. Qg4
{[%clk 0:28:52]} Qc2 {[%clk 0:49:09]} 37. g3 {[%clk 0:25:26]} Qxa2
{[%clk 0:47:07]} 38. Nf4 {[%clk 0:23:12]} Qb1+ {[%clk 0:45:57]} 39. Kg2
{[%clk 0:23:23]} a4 {[%clk 0:45:40]} 40. Nxg6 {[%clk 0:21:05]} Qxg6
{[%clk 0:46:00]} 41. Qxg6 {[%clk 0:21:06]} fxg6 {[%clk 0:46:24]} 42. bxa4
{[%clk 0:20:46]} bxa4 {[%clk 0:46:46]} 43. Bc1 {[%clk 0:21:04]} Ba5
{[%clk 0:47:00]} 44. Bb2 {[%clk 0:21:02]} Kf7 {[%clk 0:46:59]} 45. f4
{[%clk 0:20:21]} Ke7 {[%clk 0:47:19]} 46. Kf3 {[%clk 0:20:10]} Kd7
{[%clk 0:47:38]} 47. Ke3 {[%clk 0:19:50]} Kc6 {[%clk 0:48:00]} 48. Kd3
{[%clk 0:19:46]} Kb5 {[%clk 0:48:22]} 49. Ba3 {[%clk 0:19:39]} Bb4
{[%clk 0:48:32]} 50. Bb2 {[%clk 0:19:30]} a3 {[%clk 0:48:46]} 51. Ba1
{[%clk 0:19:22]} Ka4 {[%clk 0:48:49]} 52. Kc2 {[%clk 0:19:14]} h5
{[%clk 0:48:28]} 53. h3 {[%clk 0:19:05]} Ba5 {[%clk 0:47:39]} 54. g4
{[%clk 0:18:48]} Bb4 {[%clk 0:45:23]} 55. f5 {[%clk 0:18:16]} gxf5
{[%clk 0:45:25]} 56. gxf5 {[%clk 0:18:29]} exf5 {[%clk 0:45:46]} 57. Bc3
{[%clk 0:18:30]} Be7 {[%clk 0:45:22]} 58. e6 {[%clk 0:17:57]} f4 {[%clk 0:45:22]}
59. Be1 {[%clk 0:17:51]} g5 {[%clk 0:45:18]} 60. Bf2 {[%clk 0:17:00]} g4
{[%clk 0:45:32]} 61. hxg4 {[%clk 0:16:24]} hxg4 {[%clk 0:45:54]} 62. Kc3
{[%clk 0:14:58]} g3 {[%clk 0:46:09]} 63. Bg1 {[%clk 0:15:06]} f3 {[%clk 0:46:30]}
64. Be3 {[%clk 0:15:09]} f2 {[%clk 0:46:48]} 65. Bg5 {[%clk 0:15:15]} Bxg5
{[%clk 0:47:05]} 66. e7 {[%clk 0:15:28]} Bxe7 {[%clk 0:47:28]} 0-1

[Event "EUCC 2023 - U12"]
[Site "Kouty nad Desnou"]
[Date "2023.08.19"]
[Round "4.15"]
[White "Barteckova, Nikol"]
[Black "Wang, Simon"]
[Result "1/2-1/2"]
[BlackElo "1517"]
[WhiteElo "1268"]
[LiveChessVersion "1.4.8"]

1. e4 {[%clk 1:30:55]} c6 {[%clk 1:30:07]} 2. d4 {[%clk 1:31:20]} d5
{[%clk 1:30:34]} 3. e5 {[%clk 1:31:46]} Bf5 {[%clk 1:31:00]} 4. c4
{[%clk 1:31:52]} dxc4 {[%clk 1:30:26]} 5. Bxc4 {[%clk 1:31:58]} e6
{[%clk 1:30:46]} 6. Nc3 {[%clk 1:30:40]} Nd7 {[%clk 1:30:56]} 7. Nf3
{[%clk 1:18:39]} Ne7 {[%clk 1:30:14]} 8. O-O {[%clk 1:17:33]} Nb6
{[%clk 1:27:50]} 9. Bb3 {[%clk 1:16:24]} Ned5 {[%clk 1:28:01]} 10. a3
{[%clk 1:14:48]} Be7 {[%clk 1:26:55]} 11. Be3 {[%clk 1:06:08]} O-O
{[%clk 1:25:16]} 12. Re1 {[%clk 1:05:44]} Rc8 {[%clk 1:22:05]} 13. Rc1
{[%clk 1:04:27]} Qd7 {[%clk 1:20:26]} 14. Ne2 {[%clk 0:52:47]} Nxe3
{[%clk 1:18:40]} 15. fxe3 {[%clk 0:53:04]} c5 {[%clk 1:18:23]} 16. Ng3
{[%clk 0:47:33]} Bg4 {[%clk 1:17:17]} 17. dxc5 {[%clk 0:38:20]} Qxd1
{[%clk 1:14:02]} 18. Bxd1 {[%clk 0:33:54]} Bxc5 {[%clk 1:12:15]} 19. Bc2
{[%clk 0:27:51]} Nd5 {[%clk 1:03:50]} 20. Kf2 {[%clk 0:27:34]} Rc7
{[%clk 1:01:16]} 21. Ne4 {[%clk 0:21:35]} Rfc8 {[%clk 0:59:17]} 22. Nxc5
{[%clk 0:14:28]} Rxc5 {[%clk 0:59:26]} 23. Nd4 {[%clk 0:14:48]} b5
{[%clk 0:50:34]} 24. h3 {[%clk 0:09:29]} Bh5 {[%clk 0:49:33]} 25. Ra1
{[%clk 0:04:57]} Rxc2+ {[%clk 0:46:46]} 26. Nxc2 {[%clk 0:05:22]} Rxc2+
{[%clk 0:47:10]} 27. Kg3 {[%clk 0:05:16]} Rxb2 {[%clk 0:46:12]} 28. Rab1
{[%clk 0:05:07]} Rxb1 {[%clk 0:42:24]} 29. Rxb1 {[%clk 0:05:34]} Be2
{[%clk 0:40:10]} 30. Kf2 {[%clk 0:05:03]} Bc4 {[%clk 0:39:17]} 31. Rd1
{[%clk 0:04:28]} h6 {[%clk 0:39:41]} 32. g4 {[%clk 0:04:22]} g6 {[%clk 0:38:07]}
33. Kf3 {[%clk 0:03:50]} Be2+ {[%clk 0:27:30]} 34. Kxe2 {[%clk 0:04:05]} Nc3+
{[%clk 0:27:56]} 35. Kd2 {[%clk 0:04:15]} Nxd1 {[%clk 0:28:23]} 36. Kxd1
{[%clk 0:04:23]} a5 {[%clk 0:28:49]} 37. Kc2 {[%clk 0:04:43]} Kg7
{[%clk 0:29:13]} 38. Kc3 {[%clk 0:04:21]} f6 {[%clk 0:28:10]} 39. Kd4
{[%clk 0:02:45]} g5 {[%clk 0:13:54]} 40. e4 {[%clk 0:01:47]} fxe5+
{[%clk 0:12:28]} 41. Kc5 {[%clk 0:01:56]} b4 {[%clk 0:07:54]} 1/2-1/2

[Event "EUCC 2023 - U12"]
[Site "Kouty nad Desnou"]
[Date "2023.08.20"]
[Round "5.1"]
[White "Constantinoiu, Alexandru Ioan"]
[Black "Dodoi, Matei-Teodor"]
[Result "1-0"]
[BlackElo "1884"]
[WhiteElo "1687"]
[LiveChessVersion "1.4.8"]

1. e4 {[%clk 1:30:57]} c5 {[%clk 1:30:54]} 2. Nf3 {[%clk 1:31:22]} d6
{[%clk 1:31:18]} 3. d4 {[%clk 1:31:43]} cxd4 {[%clk 1:31:41]} 4. Nxd4
{[%clk 1:32:06]} Nf6 {[%clk 1:32:03]} 5. Nc3 {[%clk 1:32:22]} a6 {[%clk 1:32:21]}
6. Bg5 {[%clk 1:32:35]} e6 {[%clk 1:32:40]} 7. f4 {[%clk 1:32:55]} Be7
{[%clk 1:32:53]} 8. Qf3 {[%clk 1:29:28]} Qc7 {[%clk 1:32:29]} 9. O-O-O
{[%clk 1:28:19]} Nbd7 {[%clk 1:32:45]} 10. g4 {[%clk 1:28:12]} h6
{[%clk 1:32:48]} 11. Bxf6 {[%clk 1:27:20]} Bxf6 {[%clk 1:33:00]} 12. h4
{[%clk 1:23:35]} Nb6 {[%clk 1:32:32]} 13. g5 {[%clk 1:14:09]} Bxd4
{[%clk 1:22:28]} 14. Rxd4 {[%clk 1:14:13]} Bd7 {[%clk 1:13:28]} 15. Qd3
{[%clk 1:01:50]} hxg5 {[%clk 0:56:16]} 16. fxg5 {[%clk 0:58:27]} Ke7
{[%clk 0:39:41]} 17. Be2 {[%clk 0:55:49]} e5 {[%clk 0:37:36]} 18. Rb4
{[%clk 0:54:17]} Be6 {[%clk 0:35:53]} 19. Nd5+ {[%clk 0:48:34]} Bxd5
{[%clk 0:30:45]} 20. exd5 {[%clk 0:48:56]} Qc5 {[%clk 0:26:14]} 21. Qc3
{[%clk 0:37:25]} Qf2 {[%clk 0:09:32]} 22. Bg4 {[%clk 0:28:42]} Rad8
{[%clk 0:07:44]} 23. Qf3 {[%clk 0:26:06]} Qc5 {[%clk 0:06:54]} 24. Rf1
{[%clk 0:26:01]} Rdf8 {[%clk 0:04:07]} 25. Qb3 {[%clk 0:24:28]} Nxd5
{[%clk 0:03:12]} 26. Rxb7+ {[%clk 0:24:40]} Nc7 {[%clk 0:03:41]} 27. Rxf7+
{[%clk 0:23:19]} Rxf7 {[%clk 0:03:26]} 28. Qe6+ {[%clk 0:23:43]} Kf8
{[%clk 0:03:19]} 29. Rb8+ {[%clk 0:24:07]} 1-0

[Event "EUCC 2023 - U12"]
[Site "Kouty nad Desnou"]
[Date "2023.08.20"]
[Round "5.2"]
[White "Sensoy, Emir"]
[Black "Tureshbayev, Anuar"]
[Result "0-1"]
[BlackElo "1826"]
[WhiteElo "1416"]
[LiveChessVersion "1.4.8"]

1. e4 {[%clk 1:30:59]} c5 {[%clk 1:30:56]} 2. Nf3 {[%clk 1:31:24]} d6
{[%clk 1:31:22]} 3. d4 {[%clk 1:31:46]} cxd4 {[%clk 1:31:47]} 4. Nxd4
{[%clk 1:32:15]} Nf6 {[%clk 1:32:09]} 5. Nc3 {[%clk 1:32:38]} g6 {[%clk 1:32:21]}
6. Be2 {[%clk 1:32:47]} Bg7 {[%clk 1:32:46]} 7. O-O {[%clk 1:32:59]} O-O
{[%clk 1:33:07]} 8. Be3 {[%clk 1:33:04]} Nc6 {[%clk 1:33:20]} 9. f4
{[%clk 1:32:43]} Qb6 {[%clk 1:27:19]} 10. Bf2 {[%clk 1:26:50]} Nxe4
{[%clk 1:25:29]} 11. Nxc6 {[%clk 1:26:19]} Qxc6 {[%clk 1:25:57]} 12. Nd5
{[%clk 1:18:44]} Qd7 {[%clk 1:23:08]} 13. Bd4 {[%clk 1:11:57]} e5
{[%clk 1:17:18]} 14. Bc3 {[%clk 0:57:14]} Nxc3 {[%clk 1:15:53]} 15. bxc3
{[%clk 0:53:38]} f5 {[%clk 1:11:55]} 16. a4 {[%clk 0:51:01]} Rd8 {[%clk 1:07:57]}
17. Bb5 {[%clk 0:33:12]} Qf7 {[%clk 1:08:05]} 18. Qe2 {[%clk 0:32:54]} Be6
{[%clk 1:07:46]} 19. Rad1 {[%clk 0:32:23]} Rac8 {[%clk 1:07:29]} 20. Bc4
{[%clk 0:26:22]} Rc5 {[%clk 1:07:31]} 21. fxe5 {[%clk 0:23:27]} dxe5
{[%clk 1:06:52]} 22. Ne3 {[%clk 0:23:35]} Rxd1 {[%clk 1:07:07]} 23. Rxd1
{[%clk 0:23:55]} Bxc4 {[%clk 1:07:14]} 24. Rd8+ {[%clk 0:23:07]} Bf8
{[%clk 1:07:37]} 25. Qd2 {[%clk 0:22:04]} Be6 {[%clk 0:59:32]} 26. Qd6
{[%clk 0:12:48]} Rc8 {[%clk 0:59:49]} 27. Rxc8 {[%clk 0:12:38]} Bxc8
{[%clk 1:00:12]} 28. Qxe5 {[%clk 0:12:55]} Qe6 {[%clk 1:00:37]} 29. Qd4
{[%clk 0:11:11]} Qe4 {[%clk 1:00:53]} 30. Kf2 {[%clk 0:08:43]} Qxd4
{[%clk 0:59:20]} 31. cxd4 {[%clk 0:09:10]} Kf7 {[%clk 0:59:10]} 32. Ke2
{[%clk 0:08:10]} Bd7 {[%clk 0:57:18]} 33. Kd3 {[%clk 0:05:10]} Bxa4
{[%clk 0:57:35]} 34. Nd5 {[%clk 0:05:05]} Bc6 {[%clk 0:57:51]} 35. Ne3
{[%clk 0:04:46]} Bh6 {[%clk 0:58:00]} 36. Nd1 {[%clk 0:03:02]} Bxg2
{[%clk 0:58:20]} 37. Nf2 {[%clk 0:03:17]} a5 {[%clk 0:58:13]} 38. Kc4
{[%clk 0:03:31]} a4 {[%clk 0:58:21]} 39. Kb4 {[%clk 0:03:13]} Be3
{[%clk 0:58:44]} 40. Nd3 {[%clk 0:02:32]} Bxd4 {[%clk 0:59:02]} 41. Kxa4
{[%clk 0:02:49]} Be4 {[%clk 0:59:15]} 42. Nb4 {[%clk 0:02:41]} Bc5
{[%clk 0:59:26]} 43. Na2 {[%clk 0:02:35]} Bxc2+ {[%clk 0:59:40]} 44. Kb5
{[%clk 0:02:56]} Be3 {[%clk 0:59:34]} 45. Kc4 {[%clk 0:03:12]} f4
{[%clk 0:59:43]} 46. h4 {[%clk 0:03:18]} f3 {[%clk 1:00:06]} 47. h5
{[%clk 0:03:46]} f2 {[%clk 1:00:29]} 48. hxg6+ hxg6 {[%clk 1:00:48]} 49. Nc1
{[%clk 0:04:01]} f1=Q+ {[%clk 1:01:09]} 50. Kd5 {[%clk 0:04:14]} Qb5+
{[%clk 1:01:07]} 51. Kd6 {[%clk 0:04:24]} Bf4# 0-1

[Event "EUCC 2023 - U12"]
[Site "Kouty nad Desnou"]
[Date "2023.08.20"]
[Round "5.3"]
[White "Ochedzan, Filip"]
[Black "Rudlof, Adam"]
[Result "1/2-1/2"]
[BlackElo "1641"]
[WhiteElo "1711"]
[LiveChessVersion "1.4.8"]

1. e4 {[%clk 1:30:57]} c5 {[%clk 1:30:53]} 2. Nf3 {[%clk 1:31:22]} Nc6
{[%clk 1:31:17]} 3. d4 {[%clk 1:31:38]} cxd4 {[%clk 1:31:42]} 4. Nxd4
{[%clk 1:31:50]} g6 {[%clk 1:32:06]} 5. c4 {[%clk 1:32:07]} Nf6 {[%clk 1:32:14]}
6. Nc3 {[%clk 1:32:12]} d6 {[%clk 1:32:30]} 7. Be2 {[%clk 1:32:20]} Nxd4
{[%clk 1:32:50]} 8. Qxd4 {[%clk 1:32:41]} Bg7 {[%clk 1:33:15]} 9. Bg5
{[%clk 1:32:43]} O-O {[%clk 1:33:28]} 10. Qe3 {[%clk 1:32:13]} Qa5
{[%clk 1:30:03]} 11. O-O {[%clk 1:30:40]} Be6 {[%clk 1:18:35]} 12. Rac1
{[%clk 1:27:19]} Rac8 {[%clk 1:06:19]} 13. b3 {[%clk 1:25:57]} a6
{[%clk 1:05:22]} 14. f4 {[%clk 1:22:05]} b5 {[%clk 0:51:20]} 15. f5
{[%clk 1:10:45]} Bd7 {[%clk 0:50:55]} 16. Nd5 {[%clk 1:03:30]} Nxd5
{[%clk 0:49:13]} 17. cxd5 {[%clk 1:03:39]} Qb4 {[%clk 0:38:53]} 18. Qf3
{[%clk 0:45:19]} Bd4+ {[%clk 0:35:07]} 19. Kh1 {[%clk 0:44:39]} f6
{[%clk 0:34:32]} 20. Bh6 {[%clk 0:43:58]} Rxc1 {[%clk 0:34:52]} 21. Rxc1
{[%clk 0:42:22]} Rc8 {[%clk 0:35:13]} 22. Rxc8+ {[%clk 0:37:21]} Bxc8
{[%clk 0:35:36]} 23. fxg6 {[%clk 0:35:58]} hxg6 {[%clk 0:34:44]} 24. Bc1
{[%clk 0:33:26]} Bg4 {[%clk 0:31:04]} 25. Qf1 {[%clk 0:33:29]} Bxe2
{[%clk 0:29:56]} 26. Qxe2 {[%clk 0:33:56]} Qc3 {[%clk 0:30:16]} 27. Qd2
{[%clk 0:30:04]} b4 {[%clk 0:27:11]} 28. Qxc3 {[%clk 0:21:37]} bxc3
{[%clk 0:27:33]} 29. g3 {[%clk 0:21:45]} f5 {[%clk 0:27:05]} 30. exf5
{[%clk 0:21:38]} gxf5 {[%clk 0:27:29]} 31. Kg2 {[%clk 0:21:25]} Kf7
{[%clk 0:27:33]} 32. Kf3 {[%clk 0:21:30]} e6 {[%clk 0:22:09]} 33. dxe6+
{[%clk 0:20:51]} Kxe6 {[%clk 0:22:33]} 34. Ke2 {[%clk 0:21:05]} Be5
{[%clk 0:12:53]} 35. Kd3 {[%clk 0:21:19]} d5 {[%clk 0:12:39]} 36. Bf4
{[%clk 0:17:50]} Bf6 {[%clk 0:10:42]} 37. Bb8 {[%clk 0:17:08]} d4
{[%clk 0:10:50]} 38. Bf4 {[%clk 0:16:32]} Kd5 {[%clk 0:11:02]} 39. Bc7
{[%clk 0:16:37]} Kc5 {[%clk 0:06:30]} 40. Bf4 {[%clk 0:16:03]} 1/2-1/2

[Event "EUCC 2023 - U12"]
[Site "Kouty nad Desnou"]
[Date "2023.08.20"]
[Round "5.4"]
[White "Komarek, Tobias"]
[Black "Vancakova, Veronika"]
[Result "1-0"]
[BlackElo "1576"]
[WhiteElo "1633"]
[LiveChessVersion "1.4.8"]

1. c4 {[%clk 1:30:55]} Nf6 {[%clk 1:30:56]} 2. Nc3 {[%clk 1:31:15]} g6
{[%clk 1:31:21]} 3. e4 {[%clk 1:31:35]} d6 {[%clk 1:31:46]} 4. d4
{[%clk 1:32:01]} Bg7 {[%clk 1:32:11]} 5. f3 {[%clk 1:32:07]} O-O {[%clk 1:32:23]}
6. Be3 {[%clk 1:31:34]} e5 {[%clk 1:32:00]} 7. Nge2 {[%clk 1:30:58]} exd4
{[%clk 1:29:47]} 8. Nxd4 {[%clk 1:31:07]} Re8 {[%clk 1:28:55]} 9. Be2
{[%clk 1:29:11]} Bd7 {[%clk 1:19:14]} 10. Qd2 {[%clk 1:25:34]} Nc6
{[%clk 1:17:00]} 11. O-O {[%clk 1:19:16]} Nxd4 {[%clk 1:15:16]} 12. Bxd4
{[%clk 1:19:34]} Bc6 {[%clk 1:14:08]} 13. Rfd1 {[%clk 0:54:38]} Qd7
{[%clk 1:12:26]} 14. Kh1 {[%clk 0:43:29]} a6 {[%clk 1:05:15]} 15. a4
{[%clk 0:37:27]} a5 {[%clk 1:03:29]} 16. b3 {[%clk 0:36:06]} Rad8
{[%clk 0:54:05]} 17. Qg5 {[%clk 0:30:46]} Nh5 {[%clk 0:50:16]} 18. Bxg7
{[%clk 0:30:35]} Kxg7 {[%clk 0:48:09]} 19. Qxa5 {[%clk 0:28:18]} Nf4
{[%clk 0:47:20]} 20. Qg5 {[%clk 0:27:07]} Nxe2 {[%clk 0:46:38]} 21. Nxe2
{[%clk 0:27:03]} f5 {[%clk 0:46:41]} 22. Nf4 {[%clk 0:22:24]} fxe4
{[%clk 0:39:52]} 23. fxe4 {[%clk 0:21:44]} Bxe4 {[%clk 0:38:01]} 24. Nh5+
{[%clk 0:19:27]} Kh8 {[%clk 0:36:15]} 25. Nf6 {[%clk 0:18:50]} Qe7
{[%clk 0:35:30]} 26. Re1 {[%clk 0:15:02]} d5 {[%clk 0:34:13]} 27. cxd5
{[%clk 0:14:15]} Rxd5 {[%clk 0:28:17]} 28. Qxd5 {[%clk 0:13:33]} Qxf6
{[%clk 0:28:32]} 29. Qd2 {[%clk 0:13:10]} h5 {[%clk 0:12:56]} 30. Rac1
{[%clk 0:12:51]} Qd6 {[%clk 0:01:26]} 31. Qc3+ {[%clk 0:12:22]} Kg8
{[%clk 0:01:43]} 32. Qc4+ {[%clk 0:12:40]} Qe6 {[%clk 0:01:28]} 33. Rxe4
{[%clk 0:12:40]} 1-0